Normal view
MARC view
- MS-Career Counseling and Education
Entry Topical Term
001 - CONTROL NUMBER
- control field: 126246
003 - CONTROL NUMBER IDENTIFIER
- control field: NUST
005 - DATE AND TIME OF LATEST TRANSACTION
- control field: 20241007121735.0
008 - FIXED-LENGTH DATA ELEMENTS
- fixed length control field: 241007|| aca||aabn | a|a d
040 ## - CATALOGING SOURCE
- Original cataloging agency: NUST
- Transcribing agency: NUST
150 ## - HEADING--TOPICAL TERM
- Topical term or geographic name entry element: MS-Career Counseling and Education
670 ## - SOURCE DATA FOUND
- Source citation: Work cat.: (NUST)607443: Ujala, Syeda 119948, Fear of Failure Among Nascent Entrepreneurs: An Exploratory Study/
